000 00354nam a22001217a 4500
040 _cHS
082 _a597
100 _aហុក សែនសម្ភា
245 _a Fish popular dynamic ឌីណាមិចប្រជាករហ្វូងត្រី
260 _aRUA
_bហុក សែនសម្ភា
_c2012
300 _a38p;
942 _cKB
999 _c9658
_d9658